LEADER 01314nam a2200289 i 4500 001 000000101130 003 CaOOAMICUS 005 20180305000000.0 008 180305s1982 it u000 u ita u 013 $a73282 020 $a88-01-10971-7 040 $aSeMil$bita 100 1 $aBerdjaev, Nikolaj Aleksandrovic,$d<1874-1948>.$0(OLS)http://semarc/name/21183 240 10$aCinq méditations sur l'existence.$0(OLS)http://semarc/title/406817 245 10$aCinque meditazioni sull'esistenza :$bsolitudine, società e comunità /$cNicolas Berdiaeff ; introduzione di Franco Biasutti. 260 $aLeumann :$bElle Di Ci,$c1982. 300 $a174 p. ;$c21 cm. 490 0 $aLa ricerca religiosa 650 4$aEsistenza - Filosofia.$0(OLS)http://semarc/subject/11396 700 1 $aBiasutti, Franco.$0(OLS)http://semarc/name/39692 830 3$aLa ricerca religiosa.$0(OLS)http://semarc/title/6879 850 $aSeMil 852 $aSeMil$W1$xVenegono$y1$m2P III 824$j58069$B58069$CSeMilBibl$Z2$F68641 $81 961 $aRecupero: Seminario di Seveso 996 $6020$a88-01-10971-7$9(OLS)http://semarc/number/80944 996 $6245$aCinque meditazioni sull'esistenza :$bsolitudine, società e comunità$9(OLS)http://semarc/title/406816 996 $6260$aLeumann :$bElle Di Ci$9(OLS)http://semarc/publisher/29808 LEADER 01387nas a2200253 i 4500 001 000000248843 003 CaOOAMICUS 005 20160414000000.0 008 160414b2002 it uu u0 0ita r 013 $a227748 040 $aSeMil$bita 100 1 $aSaggin, Stefano.$0(OLS)http://semarc/name/29546 245 10$aPregate senza stancarvi mai :$bitinerario di 4 settimane per adolescenti e giovani /$cStefano Saggin. 250 $a2. ed. 260 $aSeveso (MI) :$bSeminario Arcivescovile di Milano,$c2002. 300 $a51 p. ;$c21 cm. 500 $aIn testa al front : Comunità Propedeutica e del Biennio Teologico. Ristampato anche nella collana Quaderni di S. Pietro [53]. Serie Letture spirituali. 650 4$aPreghiera - Meditazioni.$0(OLS)http://semarc/subject/1470 773 0 $tQuaderni di Parola e Comunità.$dVenegono Inferiore : Comunità di Liceo - Seminario di Milano, 1987.$w()2658 773 0 $tQuaderni di Parola e Comunità. Serie maggiore.$dVenegono Inferiore (VA) : Seminario di Venegono Inf. (VA), 1987.$w()33118 850 $aSeMil 852 $aSeMil$W1$xVenegono$y1$m44 5 33/7$j199189$B199189$CSeMilBibl$Z2$F210643 $85 996 $6245$aPregate senza stancarvi mai :$bitinerario di 4 settimane per adolescenti e giovani$9(OLS)http://semarc/title/213420 996 $6260$aSeveso (MI) :$bSeminario Arcivescovile di Milano$9(OLS)http://semarc/publisher/39651